000 00489nam a22001937a 4500
003 MPLRDC
005 20220104200106.0
008 210129b ||||| |||| 00| 0 eng d
020 _a978-986-645-7333
082 _a192.1 HQF-16
100 _a何权峰
245 _a喜悦,顺流而行
_c
250 _a初版
260 _a台湾
_b大众国际书局股份有限公司
_c2009
300 _b
520 _a上架 2016-12-01。
650 _a修身
942 _cBK
_o192.1 HQF-16
999 _c66529
_d66519